000
00379nam a22001577a 4500
003
MPLRDC
005
20220104123814.0
008
210129b ||||| |||| 00| 0 eng d
082
_a
544.7 YDH
100
_a
姚德华编著
245
_a
怎样征服女性
_c
260
_a
_b
河洛出版社
_c
300
_b
平
650
_a
性关系; 两性关系
942
_c
BK
_o
544.7 YDH
999
_c
14338
_d
14328